[Event "FICGS class B 000127 email"]
[Site "FICGS email"]
[Date "2010.10.16"]
[Round "1"]
[White "Kasznia, Ireneusz"]
[Black "Seltzer, Timothy"]
[Result "1-0"]
[WhiteElo "1886"]
[BlackElo "1800"]
[PlyCount "57"]
[EventDate "2010.??.??"]
[EventType "tourn (corr)"]
[EventRounds "6"]
[SourceTitle "Corr 2013"]
[Source "ChessBase"]
[SourceDate "2012.11.12"]
[SourceVersion "1"]
[SourceVersionDate "2012.11.12"]
[SourceQuality "1"]

1. d4 d5 2. c4 dxc4 3. Nf3 Nf6 4. e3 e6 5. Bxc4 c5 6. 0-0 a6 7. dxc5 Qxd1 8. Rxd1 Bxc5 9. Nbd2 0-0 10. Be2 Rd8 11. a3 Be7 12. b4 b5 13. Bb2 Bb7 14. Rac1 Nbd7 15. Rc7 Rab8 16. e4 Bd6 17. Rxb7 Rxb7 18. e5 Nxe5 19. Bxe5 Rbd7 20. Bxf6 gxf6 21. Ra1 Be5 22. Ra2 Bf4 23. Nf1 Rb7 24. g3 Bc7 25. N1d2 a5 26. Ne4 Ra7 27. Rb2 f5 28. Nc3 axb4 29. axb4 1-0